| 000 | 00527 a2200157 4500 | ||
|---|---|---|---|
| 020 | _a 0007119321 | ||
| 082 | _a823.912 | ||
| 090 |
_c893 _d893 |
||
| 100 | _aChristie, Agatha. | ||
| 245 |
_aDeath on the Nile _cAgatha Christie |
||
| 260 |
_aLondon: . _bHarper Collins Publishers, _c1937 |
||
| 300 |
_a 416 p. ; _b19 cm. |
||
| 500 | _aIncludes Index | ||
| 650 | _a1.Poirot, Hercule (Fictitious character) --Fiction.2.Private investigators --Egypt --Fiction.3.Belgians --Egypt --Fiction. Egypt --Fiction. | ||
| 942 |
_cBK _k823.912 CHR |
||
| 999 |
_c4862 _d4862 |
||